[Event "Abe Yanofsky mem."]
[Site "Winnipeg CAN"]
[Date "2025.08.30"]
[Round "1.1"]
[White "Jodar, Marlon"]
[Black "Zhou, Joe"]
[Result "1-0"]
[WhiteElo "2323"]
[BlackElo "1927"]
[WhiteFideId "-1"]
[WhiteFideId "-1"]
[PlyCount "55"]
[GameId "2226107611496458"]
[EventDate "2025.08.30"]
[EventType "swiss"]
[EventRounds "5"]
[EventCountry "CAN"]

1. e4 e6 2. d4 d5 3. e5 c5 4. c3 Nc6 5. Be3 cxd4 6. cxd4 Nge7 7. Nf3 Nf5 8. Nc3 a6 9. Bd3 Nxe3 10. fxe3 Be7 11. O-O Bd7 12. Rc1 f5 13. exf6 Bxf6 14. Ne5 Bxe5 15. Qh5+ g6 16. Bxg6+ hxg6 17. Qxg6+ Ke7 18. dxe5 Qg8 19. Qf6+ Ke8 20. e4 Qh7 21. h3 d4 22. Nd5 exd5 23. exd5 Ne7 24. e6 Bb5 25. d6 Bc6 26. Rxc6 bxc6 27. dxe7 Ra7 28. Qf8+ 1-0

[Event "Abe Yanofsky mem."]
[Site "Winnipeg CAN"]
[Date "2025.08.30"]
[Round "1.2"]
[White "Bertrand, Nathanael"]
[Black "Salkeld, Tobias"]
[Result "0-1"]
[WhiteElo "1925"]
[BlackElo "2217"]
[WhiteFideId "-1"]
[WhiteFideId "-1"]
[PlyCount "60"]
[GameId "2226107611525131"]
[EventDate "2025.08.30"]
[EventType "swiss"]
[EventRounds "5"]
[EventCountry "CAN"]

1. e4 c6 2. d4 d5 3. f3 e6 4. Nc3 Qb6 5. b3 Nf6 6. Bb2 Bb4 7. Qd3 O-O 8. Nge2 c5 9. O-O-O cxd4 10. Nxd4 e5 11. Nde2 d4 12. Na4 Qc7 13. f4 Ng4 14. Nxd4 Nf2 15. Qf3 Nxd1 16. Nb5 Qe7 17. Bxe5 Nc6 18. Ba1 Rd8 19. Qg3 g6 20. Bc4 a6 21. f5 Qxe4 22. fxg6 Qxg6 23. Nc7 Qxg3 24. hxg3 Rb8 25. Nd5 Rxd5 26. Bxd5 Ne3 27. Nb6 Bf5 28. Rh5 Rd8 29. Rg5+ Bg6 30. Be4 Ba3+ 0-1

[Event "Abe Yanofsky mem."]
[Site "Winnipeg CAN"]
[Date "2025.08.30"]
[Round "1.3"]
[White "Anderson, Collin"]
[Black "Bonness, Will"]
[Result "1-0"]
[WhiteElo "2174"]
[BlackElo "1910"]
[WhiteFideId "-1"]
[WhiteFideId "-1"]
[PlyCount "132"]
[GameId "2226107611533324"]
[EventDate "2025.08.30"]
[EventType "swiss"]
[EventRounds "5"]
[EventCountry "CAN"]

1. e4 d5 2. exd5 Qxd5 3. Nc3 Qd8 4. d4 Nf6 5. Nf3 Bg4 6. h3 Bxf3 7. Qxf3 c6 8. Bd2 e6 9. O-O-O Nbd7 10. g4 Bb4 11. g5 Nd5 12. Ne4 Bxd2+ 13. Rxd2 Qc7 14. Qa3 c5 15. Nxc5 Nxc5 16. Qxc5 Qxc5 17. dxc5 Rc8 18. Bb5+ Ke7 19. b4 Rc7 20. Rhd1 Rhc8 21. a3 a5 22. c4 axb4 23. axb4 Nxb4 24. Rd7+ Rxd7 25. Rxd7+ Kf8 26. Kd2 Na6 27. c6 Nc5 28. cxb7 Rb8 29. Rc7 Nxb7 30. c5 Nd8 31. Bd3 Rb7 32. Rc8 Ke7 33. c6 Nxc6 34. Rxc6 g6 35. Ke3 Kf8 36. Be4 Rb3+ 37. Bd3 Rb7 38. Rc8+ Kg7 39. Rd8 Rc7 40. h4 Ra7 41. Rc8 Rb7 42. Rc1 h6 43. f4 h5 44. Kd4 Rd7+ 45. Ke4 Ra7 46. Rh1 Ra4+ 47. Ke3 Ra3 48. Ke2 Ra2+ 49. Ke3 Ra3 50. Rh2 Ra7 51. Re2 Ra3 52. Rd2 Ra7 53. Be4 Rc7 54. Rc2 Ra7 55. Kd4 Ra4+ 56. Ke5 Rb4 57. Rd2 Ra4 58. Bc6 Ra5+ 59. Kd6 Rf5 60. Rd4 Ra5 61. Ke7 e5 62. Re4 Ra7+ 63. Bd7 exf4 64. Rxf4 Ra1 65. Rxf7+ Kg8 66. Be6 Re1 1-0

[Event "Abe Yanofsky mem."]
[Site "Winnipeg CAN"]
[Date "2025.08.30"]
[Round "1.4"]
[White "Moeez, Abdul"]
[Black "Protsyuk, Svitlana"]
[Result "0-1"]
[WhiteElo "1906"]
[BlackElo "2071"]
[WhiteFideId "-1"]
[WhiteFideId "-1"]
[PlyCount "74"]
[GameId "2226107611537421"]
[EventDate "2025.08.30"]
[EventType "swiss"]
[EventRounds "5"]
[EventCountry "CAN"]

1. e4 c5 2. Nc3 Nc6 3. Bc4 g6 4. d3 Bg7 5. Bd2 e6 6. Rb1 Nge7 7. Nf3 d5 8. exd5 exd5 9. Bb3 O-O 10. O-O h6 11. Re1 Be6 12. a3 a6 13. Bf4 b5 14. Ne5 Nd4 15. Ne2 Nxb3 16. cxb3 g5 17. Bg3 d4 18. f4 Nf5 19. Qd2 Qd5 20. Nc1 Ne3 21. Rxe3 dxe3 22. Qxe3 f6 23. Ng6 Rfe8 24. Qe2 Qf5 25. Qe4 Kh7 26. Qf3 Qxg6 27. Na2 Bxb3 28. Nc3 Bc2 29. f5 Qf7 30. Rc1 Bb3 31. Ne4 Bd5 32. Rxc5 Bxe4 33. dxe4 Rac8 34. b4 Rxc5 35. bxc5 Qe7 36. e5 Qxc5+ 37. Bf2 Qc1+ 0-1

[Event "Abe Yanofsky mem."]
[Site "Winnipeg CAN"]
[Date "2025.08.30"]
[Round "1.5"]
[White "Burrows, Zachary"]
[Black "Kuryliw, Ray"]
[Result "1-0"]
[WhiteElo "2069"]
[BlackElo "1905"]
[WhiteFideId "-1"]
[WhiteFideId "-1"]
[PlyCount "57"]
[GameId "2226107611541518"]
[EventDate "2025.08.30"]
[EventType "swiss"]
[EventRounds "5"]
[EventCountry "CAN"]

1. e4 c6 2. d4 d5 3. Nd2 dxe4 4. Nxe4 Nd7 5. Nf3 Ngf6 6. Ng3 Nb6 7. Bd3 Bg4 8. c3 g6 9. h3 Bxf3 10. Qxf3 Bg7 11. h4 h5 12. Bg5 Qd5 13. Qe2 O-O-O 14. O-O Rde8 15. Rad1 e6 16. c4 Qd7 17. Bc2 Ng4 18. Ne4 Qc7 19. g3 f5 20. Nc3 Bh6 21. Bxh6 Nxh6 22. Rfe1 Nf7 23. d5 cxd5 24. cxd5 Nxd5 25. Nxd5 exd5 26. Qxe8+ Rxe8 27. Rxe8+ Nd8 28. Rxd5 Qxc2 29. Rdxd8+ 1-0

[Event "Abe Yanofsky mem."]
[Site "Winnipeg CAN"]
[Date "2025.08.30"]
[Round "1.6"]
[White "Wang, Lucas"]
[Black "Hamm, Gabriel"]
[Result "0-1"]
[WhiteElo "1884"]
[BlackElo "2059"]
[WhiteFideId "-1"]
[WhiteFideId "-1"]
[PlyCount "158"]
[GameId "2226107611549711"]
[EventDate "2025.08.30"]
[EventType "swiss"]
[EventRounds "5"]
[EventCountry "CAN"]

1. d4 Nf6 2. Bf4 d5 3. Nc3 c5 4. e3 cxd4 5. exd4 a6 6. Bd3 Nc6 7. Nge2 e6 8. O-O Bd6 9. Qd2 Qc7 10. Bxd6 Qxd6 11. Qg5 O-O 12. f4 Bd7 13. Rf3 Rfc8 14. Rg3 Ne8 15. Qh4 f5 16. a3 Qe7 17. Qxe7 Nxe7 18. Nc1 Nd6 19. Nb3 Ne4 20. Bxe4 fxe4 21. Nc5 Rc7 22. Nxd7 Rxd7 23. Na4 Rd6 24. Rb3 b5 25. Nc5 Nc6 26. Rd1 Rc8 27. Rc3 Na5 28. Nxe4 Rxc3 29. Nxc3 Nc4 30. Rb1 Rc6 31. a4 Nxb2 32. axb5 axb5 33. Rxb2 Rxc3 34. Kf2 Kf7 35. Ke2 b4 36. Kd2 Rc4 37. Kd3 Rc3+ 38. Kd2 Rc4 39. Kd3 h5 40. Ra2 Kf6 41. Ra5 Kf5 42. Rc5 Rc3+ 43. Rxc3 bxc3 44. Kxc3 Ke4 45. g3 Kf3 46. Kd3 Kg2 47. c4 dxc4+ 48. Kxc4 Kxh2 49. f5 exf5 50. d5 h4 51. d6 hxg3 52. d7 g2 53. d8=Q g1=Q 54. Qh4+ Kg2 55. Qg5+ Kh1 56. Qh4+ Qh2 57. Qe1+ Kg2 58. Qd2+ Kh3 59. Qd3+ Qg3 60. Qf1+ Kh4 61. Qh1+ Kg5 62. Kd5 f4 63. Qh7 g6 64. Qe7+ Kg4 65. Qe6+ Kh5 66. Kd4 Qe3+ 67. Qxe3 fxe3 68. Kxe3 Kg4 69. Kf2 Kh3 70. Kg1 Kg3 71. Kh1 g5 72. Kg1 g4 73. Kh1 Kf2 74. Kh2 g3+ 75. Kh3 g2 76. Kh4 g1=Q 77. Kh5 Qg7 78. Kh4 Qg6 79. Kh3 Qg3# 0-1

[Event "Abe Yanofsky mem."]
[Site "Winnipeg CAN"]
[Date "2025.08.30"]
[Round "1.7"]
[White "Gres, Yakiv"]
[Black "Zhang, Ian"]
[Result "1-0"]
[WhiteElo "2032"]
[BlackElo "1845"]
[WhiteFideId "-1"]
[WhiteFideId "-1"]
[PlyCount "79"]
[GameId "2226107611557904"]
[EventDate "2025.08.30"]
[EventType "swiss"]
[EventRounds "5"]
[EventCountry "CAN"]

1. e4 d5 2. exd5 Qxd5 3. Nc3 Qd8 4. Nf3 Nf6 5. d4 Bg4 6. Bc4 e6 7. h3 Bxf3 8. Qxf3 c6 9. Be3 Nbd7 10. O-O-O Bb4 11. Ne4 Nxe4 12. Qxe4 Nf6 13. Qf3 O-O 14. g4 Nd5 15. Bd2 Bxd2+ 16. Rxd2 a5 17. Kb1 b5 18. Bd3 Qg5 19. Qe2 Qe7 20. Qe4 g6 21. c3 Qg5 22. Rdd1 Qf4 23. Qe2 Qd6 24. Qf3 Qf4 25. Qg2 Qd6 26. h4 Rfd8 27. h5 g5 28. Qe4 Nf6 29. Qf3 Nd5 30. h6 Qf4 31. Qe2 Nf6 32. Rdg1 b4 33. Rh3 Nd5 34. Rf3 Qc7 35. Qe4 f6 36. Qxe6+ Kh8 37. c4 Rd6 38. Qf5 Nf4 39. c5 Rd5 40. Qxf6+ 1-0

[Event "Abe Yanofsky mem."]
[Site "Winnipeg CAN"]
[Date "2025.08.30"]
[Round "1.8"]
[White "Atem, James"]
[Black "Bilugan, Mason"]
[Result "0-1"]
[WhiteElo "1815"]
[BlackElo "2003"]
[WhiteFideId "-1"]
[WhiteFideId "-1"]
[PlyCount "112"]
[GameId "2226107611562001"]
[EventDate "2025.08.30"]
[EventType "swiss"]
[EventRounds "5"]
[EventCountry "CAN"]

1. d4 d5 2. Nf3 Nf6 3. Ne5 c5 4. e3 Nbd7 5. Bb5 e6 6. O-O Bd6 7. Ng4 a6 8. Nxf6+ Qxf6 9. Be2 h5 10. f4 Qh4 11. Nd2 c4 12. Nf3 Qe7 13. Ng5 Nf6 14. c3 Nh7 15. h4 Bd7 16. Bxh5 g6 17. Be2 Nxg5 18. hxg5 f6 19. gxf6 Qxf6 20. Bg4 O-O-O 21. Bd2 g5 22. Qf3 Rdg8 23. Kf2 gxf4 24. exf4 Qh4+ 25. g3 Qxg4 26. Qxg4 Rxg4 27. Kf3 Rhg8 28. Be1 Be8 29. Rh1 R4g7 30. Bf2 Bg6 31. Rh4 Be4+ 32. Ke3 Rg4 33. Rxg4 Rxg4 34. Rg1 b5 35. a3 a5 36. Ke2 Kb7 37. Be3 Rg8 38. g4 Rh8 39. Bc1 Rh2+ 40. Ke1 Rc2 41. Kd1 Rf2 42. Ke1 Rf3 43. Rf1 Rxf1+ 44. Kxf1 b4 45. axb4 axb4 46. Kf2 Ka6 47. Bd2 Kb5 48. Ke3 Ka4 49. g5 Kb3 50. cxb4 Kxb2 51. b5 c3 52. b6 cxd2 53. Kxd2 Bxf4+ 54. Ke2 Bxg5 55. b7 Bf4 56. Kf2 Kc3 0-1

[Event "Abe Yanofsky mem."]
[Site "Winnipeg CAN"]
[Date "2025.08.30"]
[Round "1.9"]
[White "Punay, Rhailey"]
[Black "Moleta, Johan"]
[Result "1-0"]
[WhiteElo "1993"]
[BlackElo "1813"]
[WhiteFideId "-1"]
[WhiteFideId "-1"]
[PlyCount "87"]
[GameId "2226107611566098"]
[EventDate "2025.08.30"]
[EventType "swiss"]
[EventRounds "5"]
[EventCountry "CAN"]

1. e4 c6 2. Nc3 d5 3. Nf3 Bg4 4. h3 Bxf3 5. Qxf3 Nf6 6. e5 Nfd7 7. d4 e6 8. Qg3 Qb6 9. Ne2 c5 10. dxc5 Qxc5 11. c3 Qc7 12. f4 Nc6 13. Be3 g6 14. Nd4 a6 15. Bd3 Nc5 16. Bc2 Be7 17. Qf2 Nd7 18. g4 h5 19. O-O-O O-O-O 20. f5 gxf5 21. gxf5 Ndxe5 22. fxe6 Nxd4 23. Bxd4 fxe6 24. Bb6 Qc6 25. Bxd8 Rxd8 26. Rhe1 Nc4 27. Rxe6 Bg5+ 28. Kb1 Qb5 29. Bb3 h4 30. Bxc4 Qxc4 31. Qf5 Qf4 32. Rc6+ Kb8 33. Qxf4+ Bxf4 34. Rc4 Bg5 35. Rc5 Rf8 36. Rcxd5 Be7 37. Rd7 Bc5 38. Rd8+ Rxd8 39. Rxd8+ Ka7 40. Rh8 Bf2 41. Rh6 a5 42. a4 b6 43. Kc2 Kb7 44. Kd3 1-0

[Event "Abe Yanofsky mem."]
[Site "Winnipeg CAN"]
[Date "2025.08.30"]
[Round "1.10"]
[White "Hui, Zelus"]
[Black "Nagelberg, Alan"]
[Result "0-1"]
[WhiteElo "1753"]
[BlackElo "1961"]
[WhiteFideId "-1"]
[WhiteFideId "-1"]
[PlyCount "78"]
[GameId "2226107611566099"]
[EventDate "2025.08.30"]
[EventType "swiss"]
[EventRounds "5"]
[EventCountry "CAN"]

1. c4 e5 2. g3 Nf6 3. Bg2 d5 4. cxd5 c6 5. d4 exd4 6. Qxd4 cxd5 7. e3 Nc6 8. Qd1 Bf5 9. Nc3 Nb4 10. Qa4+ Nd7 11. e4 Nd3+ 12. Ke2 N3c5 13. Qc2 dxe4 14. Be3 Bg4+ 15. Kf1 f5 16. Nge2 Qa5 17. Nf4 Bd6 18. h3 Bxf4 19. Bxf4 Bh5 20. Kg1 O-O 21. Kh2 Nd3 22. Bd2 Qc7 23. Rhf1 Be2 24. Qb3+ Kh8 25. Nxe2 N7c5 26. Qc3 Qf7 27. b3 Rac8 28. Bf4 Rfd8 29. Qa5 b6 30. Qa3 Qh5 31. Nc3 Nxf4 32. gxf4 Rd3 33. Nb5 Ne6 34. Rac1 Rcd8 35. Qxa7 Nxf4 36. Rh1 Rxh3+ 37. Kg1 Rxh1+ 38. Bxh1 Qg4+ 39. Kh2 Qh3+ 0-1

[Event "Abe Yanofsky mem."]
[Site "Winnipeg CAN"]
[Date "2025.08.30"]
[Round "1.11"]
[White "De Groot, Steven"]
[Black "Lake, Pablo"]
[Result "1-0"]
[WhiteElo "1936"]
[BlackElo "1752"]
[WhiteFideId "-1"]
[WhiteFideId "-1"]
[PlyCount "111"]
[GameId "2226107611570196"]
[EventDate "2025.08.30"]
[EventType "swiss"]
[EventRounds "5"]
[EventCountry "CAN"]

1. Nf3 f5 2. c4 Nf6 3. g3 g6 4. Bg2 Bg7 5. d4 O-O 6. O-O d6 7. d5 a5 8. Nc3 Na6 9. Qc2 Bd7 10. Be3 Rb8 11. Rac1 Ng4 12. Bd4 Bxd4 13. Nxd4 Nc5 14. e4 f4 15. gxf4 Rxf4 16. Nce2 Rf7 17. Qd2 Qf8 18. f4 Qh6 19. h3 Nf6 20. Qe3 Rbf8 21. Rc3 Nh5 22. e5 Nxf4 23. e6 Nxe2+ 24. Qxe2 Rxf1+ 25. Bxf1 Be8 26. Nb5 Bxb5 27. cxb5 Qf4 28. Bg2 Qd4+ 29. Qe3 Qxe3+ 30. Rxe3 Rf5 31. Ra3 b6 32. b4 Nb7 33. Rc3 axb4 34. Rxc7 Nc5 35. Rxe7 Rf8 36. Ra7 Re8 37. Kf1 h5 38. Ke2 Nxe6 39. dxe6 Rxe6+ 40. Kd3 Re5 41. Kc4 Re2 42. Bd5+ Kf8 43. Kxb4 g5 44. Rh7 h4 45. a4 Re3 46. Rf7+ Ke8 47. Rf3 Re5 48. Bb3 Ke7 49. a5 Re4+ 50. Ka3 bxa5 51. b6 Rb4 52. b7 Kd8 53. Rf7 g4 54. hxg4 h3 55. Bd5 h2 56. Rh7 1-0

[Event "Abe Yanofsky mem."]
[Site "Winnipeg CAN"]
[Date "2025.08.30"]
[Round "1.12"]
[White "Pottinger, Carl"]
[Black "Rutter, Blair"]
[Result "0-1"]
[WhiteElo "1720"]
[BlackElo "1931"]
[WhiteFideId "-1"]
[WhiteFideId "-1"]
[PlyCount "76"]
[GameId "2226107611574293"]
[EventDate "2025.08.30"]
[EventType "swiss"]
[EventRounds "5"]
[EventCountry "CAN"]

1. d4 d5 2. Nf3 Nf6 3. Bf4 Bg4 4. Nbd2 Nbd7 5. e3 c6 6. Bd3 e6 7. O-O Be7 8. h3 Bh5 9. c3 Rc8 10. Qb3 Qb6 11. Qxb6 Nxb6 12. Ne5 O-O 13. g4 Bg6 14. Nxg6 hxg6 15. a4 c5 16. a5 Nbd7 17. Rfe1 Rfd8 18. Nf3 Ne4 19. Bxe4 dxe4 20. Nd2 f5 21. gxf5 gxf5 22. f3 e5 23. Bg3 cxd4 24. fxe4 dxe3 25. Nf3 f4 26. Bh4 Bxh4 27. Nxh4 Nc5 28. Nf3 Re8 29. Rad1 Kf7 30. Rd5 Nxe4 31. Rxe5 Rxe5 32. Nxe5+ Kf6 33. Nd3 Kf5 34. Rf1 g5 35. h4 Rd8 36. Nb4 g4 37. a6 bxa6 38. Nxa6 e2 0-1

[Event "Abe Yanofsky mem."]
[Site "Winnipeg CAN"]
[Date "2025.08.30"]
[Round "2.1"]
[White "Hamm, Gabriel"]
[Black "Jodar, Marlon"]
[Result "0-1"]
[WhiteElo "2059"]
[BlackElo "2323"]
[WhiteFideId "-1"]
[WhiteFideId "-1"]
[PlyCount "90"]
[GameId "2226107611574294"]
[EventDate "2025.08.30"]
[EventType "swiss"]
[EventRounds "5"]
[EventCountry "CAN"]

1. e4 c5 2. Nf3 e6 3. d4 cxd4 4. Nxd4 Nc6 5. Nc3 Qc7 6. Be3 a6 7. Be2 Nf6 8. O-O Be7 9. f4 d6 10. Bf3 O-O 11. Qd2 Na5 12. b3 Bd7 13. g4 Rac8 14. Nce2 e5 15. Nf5 Bxf5 16. gxf5 b5 17. a4 b4 18. Rac1 Qb7 19. Ng3 Rc3 20. Be2 Nxe4 21. Nxe4 Qxe4 22. Bd3 Qc6 23. Qe2 e4 24. Bd4 d5 25. Qg4 Bf6 26. Bxc3 bxc3 27. Be2 Qb6+ 28. Kh1 Nc6 29. Qg2 Nb4 30. Rg1 Re8 31. h4 Qe3 32. Qg4 Kf8 33. h5 h6 34. Rcd1 Rd8 35. Rg3 Qb6 36. Rc1 d4 37. Bc4 d3 38. Rcg1 Nxc2 39. Bxf7 Kxf7 40. Qg6+ Kf8 41. a5 Qd4 42. Qh7 d2 43. Rg6 d1=Q 44. Qh8+ Kf7 45. Qh7 Qxh5+ 0-1

[Event "Abe Yanofsky mem."]
[Site "Winnipeg CAN"]
[Date "2025.08.30"]
[Round "2.2"]
[White "Salkeld, Tobias"]
[Black "Gres, Yakiv"]
[Result "0-1"]
[WhiteElo "2217"]
[BlackElo "2032"]
[WhiteFideId "-1"]
[WhiteFideId "-1"]
[PlyCount "94"]
[GameId "2226107611578391"]
[EventDate "2025.08.30"]
[EventType "swiss"]
[EventRounds "5"]
[EventCountry "CAN"]

1. e4 e5 2. Nc3 Nf6 3. f4 d5 4. fxe5 Nxe4 5. Qf3 Nc6 6. Bb5 Nxc3 7. dxc3 Qh4+ 8. g3 Qe4+ 9. Be3 Bf5 10. Bd3 Qxf3 11. Nxf3 Be4 12. Bxe4 dxe4 13. Ng5 Nxe5 14. Nxe4 O-O-O 15. Bf4 Nc4 16. b3 Re8 17. Kf2 Rxe4 18. Kf3 Rxf4+ 19. gxf4 Nd6 20. Rad1 f5 21. Rd3 Ne4 22. Rg1 g6 23. h4 Bc5 24. Rg2 Nf6 25. b4 Bd6 26. a3 Nh5 27. Rd4 Re8 28. Rg1 Re6 29. Rh1 b5 30. c4 c5 31. bxc5 Bxc5 32. Rd5 Re3+ 33. Kf2 Re5+ 34. Kf3 Rxd5 35. cxd5 Bxa3 36. Ra1 Bc5 37. Ra5 Kd7 38. Rxb5 Kd6 39. Rb7 Kxd5 40. Rxh7 a5 41. Rh6 a4 42. Rxg6 a3 43. Ra6 Kc4 44. Ke2 Kc3 45. Kd1 Kb2 46. Ra8 a2 47. Rb8+ Bb4 0-1

[Event "Abe Yanofsky mem."]
[Site "Winnipeg CAN"]
[Date "2025.08.30"]
[Round "2.3"]
[White "Bilugan, Mason"]
[Black "Anderson, Collin"]
[Result "0-1"]
[WhiteElo "2003"]
[BlackElo "2174"]
[WhiteFideId "-1"]
[WhiteFideId "-1"]
[PlyCount "144"]
[GameId "2226107611578392"]
[EventDate "2025.08.30"]
[EventType "swiss"]
[EventRounds "5"]
[EventCountry "CAN"]

1. c4 Nf6 2. Nc3 g6 3. g3 Bg7 4. Bg2 O-O 5. Rb1 d6 6. Nf3 e5 7. O-O Nc6 8. d3 a5 9. a3 Bg4 10. b4 axb4 11. axb4 Qc8 12. Bg5 Bh3 13. Bxh3 Qxh3 14. Bxf6 Bxf6 15. Nd5 Bd8 16. Nd2 h5 17. b5 Nd4 18. Nf3 h4 19. e3 Ne6 20. b6 c6 21. Nc7 Ra2 22. Qb3 Re2 23. Qd1 Ra2 24. Qb3 hxg3 25. Qxa2 g2 26. Rfe1 Qxf3 27. Qe2 Qh3 28. Nxe6 fxe6 29. f3 Rf5 30. f4 Bh4 31. Qxg2 Qxg2+ 32. Kxg2 Bxe1 33. Rxe1 exf4 34. exf4 Kf7 35. Ra1 Kg7 36. Ra7 Rf7 37. Kg3 Kf6 38. Ra1 c5 39. Re1 Rd7 40. Kf3 Kf5 41. Re2 Rh7 42. Kg3 Rh8 43. Ra2 Rd8 44. Ra7 Rd7 45. Kf3 Rh7 46. Ra2 e5 47. fxe5 dxe5 48. Kg3 Rd7 49. Ra3 Rd6 50. Ra5 Rxd3+ 51. Kf2 Rb3 52. Rxc5 Rxb6 53. Kg3 Rc6 54. Rb5 b6 55. h4 Ke4 56. Kg4 Kd4 57. Rd5+ Ke4 58. Rb5 Re6 59. c5 bxc5 60. Rxc5 Kd4 61. Rc8 e4 62. Kf4 e3 63. Rd8+ Kc3 64. Rc8+ Kd2 65. Rd8+ Ke2 66. Kg3 Ke1 67. Kg2 e2 68. Ra8 Kd2 69. Ra2+ Ke3 70. Ra3+ Kd2 71. Ra2+ Kd3 72. Ra3+ Kc4 0-1

[Event "Abe Yanofsky mem."]
[Site "Winnipeg CAN"]
[Date "2025.08.30"]
[Round "2.4"]
[White "Protsyuk, Svitlana"]
[Black "Punay, Rhailey"]
[Result "1-0"]
[WhiteElo "2071"]
[BlackElo "1993"]
[WhiteFideId "-1"]
[WhiteFideId "-1"]
[PlyCount "95"]
[GameId "2226107611578393"]
[EventDate "2025.08.30"]
[EventType "swiss"]
[EventRounds "5"]
[EventCountry "CAN"]

1. e4 e5 2. Nc3 Nf6 3. g3 d5 4. exd5 Nxd5 5. Bg2 Nxc3 6. bxc3 Nc6 7. Ne2 Be6 8. d4 Bd5 9. f3 Qd7 10. Qd3 exd4 11. O-O dxc3 12. Bg5 Bc5+ 13. Kh1 h6 14. Bh4 O-O 15. Rad1 Nb4 16. Qxc3 Qc6 17. a3 Na6 18. Nf4 Be6 19. Nh5 f6 20. f4 Qb6 21. Bxf6 gxf6 22. Nxf6+ Kf7 23. Nh5 Ke7 24. Rfe1 Bd6 25. Qg7+ Rf7 26. Qxh6 Nc5 27. Bd5 Raf8 28. Bxe6 Nxe6 29. Qxe6+ Kd8 30. Qc4 a6 31. Qc3 Rh7 32. g4 Kc8 33. Qd4 Qc6+ 34. Qe4 Qd7 35. f5 Re7 36. Qxe7 Bxe7 37. Rxd7 Kxd7 38. a4 Bh4 39. Rd1+ Kc6 40. Nf4 b5 41. axb5+ Kxb5 42. Ng6 Rd8 43. Rb1+ Kc4 44. Nxh4 a5 45. Ra1 Ra8 46. f6 Kb4 47. g5 Kc3 48. Ra2 1-0

[Event "Abe Yanofsky mem."]
[Site "Winnipeg CAN"]
[Date "2025.08.30"]
[Round "2.5"]
[White "Nagelberg, Alan"]
[Black "Burrows, Zachary"]
[Result "0-1"]
[WhiteElo "1961"]
[BlackElo "2069"]
[WhiteFideId "-1"]
[WhiteFideId "-1"]
[PlyCount "140"]
[GameId "2226107611582490"]
[EventDate "2025.08.30"]
[EventType "swiss"]
[EventRounds "5"]
[EventCountry "CAN"]

1. c4 Nf6 2. Nc3 c5 3. g3 e6 4. e4 Nc6 5. Bg2 Be7 6. Nge2 d6 7. d3 h6 8. O-O Rb8 9. f4 Bd7 10. h3 a6 11. a4 Nb4 12. e5 Nh7 13. d4 dxe5 14. d5 exd5 15. cxd5 exf4 16. Bxf4 Rc8 17. d6 Bf6 18. Bxb7 Rb8 19. Bg2 O-O 20. Qd2 Re8 21. Ne4 Nc6 22. Nxf6+ Qxf6 23. Rab1 Nd4 24. Nc3 Nb3 25. Qd5 Be6 26. Qc6 Qd4+ 27. Kh2 Rbd8 28. Rbd1 Qb4 29. Nd5 Bxd5 30. Bxd5 Re2+ 31. Kh1 Nf6 32. Bf3 Re6 33. g4 Qxf4 34. Bd5 Qxd6 35. Qxd6 Rexd6 36. Bxb3 Rd3 37. Rxd3 Rxd3 38. Bc4 Rxh3+ 39. Kg2 Re3 40. a5 Re4 41. b3 Rxg4+ 42. Kh3 Re4 43. Bxa6 Re3+ 44. Kg2 Rxb3 45. Bc4 Ra3 46. a6 Ng4 47. Bxf7+ Kh7 48. Rc1 Rxa6 49. Rxc5 Rf6 50. Rc7 Ne5 51. Bd5 h5 52. Be4+ Kh6 53. Kg3 g6 54. Re7 Nf7 55. Bd5 Nd6 56. Rd7 Kg5 57. Kh3 Nf5 58. Be4 Nd6 59. Bd5 Kf4 60. Re7 g5 61. Re1 g4+ 62. Kg2 Nf5 63. Bb3 Ne3+ 64. Kg1 h4 65. Kh2 h3 66. Bd1 g3+ 67. Kh1 Rd6 68. Bb3 g2+ 69. Kh2 Nf1+ 70. Kg1 Kg3 0-1

[Event "Abe Yanofsky mem."]
[Site "Winnipeg CAN"]
[Date "2025.08.30"]
[Round "2.6"]
[White "Vaughan, Nathan"]
[Black "De Groot, Steven"]
[Result "0-1"]
[WhiteElo "1951"]
[BlackElo "1936"]
[WhiteFideId "-1"]
[WhiteFideId "-1"]
[PlyCount "150"]
[GameId "2226107611582491"]
[EventDate "2025.08.30"]
[EventType "swiss"]
[EventRounds "5"]
[EventCountry "CAN"]

1. e4 c5 2. Nf3 d6 3. d4 cxd4 4. Nxd4 Nf6 5. Nc3 a6 6. Bg5 e6 7. f4 Be7 8. e5 dxe5 9. fxe5 Nd5 10. Bxe7 Nxe7 11. Qg4 Ng6 12. h4 h5 13. Qe4 Qc7 14. Nf3 Nc6 15. O-O-O O-O 16. Re1 b5 17. g4 Bb7 18. Qe3 Ncxe5 19. Nxe5 Qxe5 20. Qf2 Qf4+ 21. Qxf4 Nxf4 22. Rg1 Rad8 23. gxh5 Nxh5 24. Re5 Bf3 25. Re3 Bc6 26. Re5 Nf6 27. Reg5 Ne8 28. h5 f6 29. Rg6 Kf7 30. Bd3 Rh8 31. R6g3 f5 32. Be2 Rd4 33. Nd1 f4 34. Rg4 e5 35. Bd3 Be4 36. Be2 Rh6 37. Nf2 Bf5 38. Rg5 Rf6 39. h6 gxh6 40. Bh5+ Ke7 41. Rg8 Rf8 42. Bxe8 Kxe8 43. R8g7 Rd7 44. Rxd7 Kxd7 45. Rg7+ Kc6 46. Re7 Kd5 47. Kd2 e4 48. Ke2 Rf6 49. b3 Rc6 50. Kd1 Kd4 51. Rf7 Rc5 52. Rf6 Ke3 53. Ke1 Bc8 54. c3 Kf3 55. Rxh6 Rxc3 56. Rd6 e3 57. Nd1 Rc2 58. Rd8 Rd2 59. Nxe3 fxe3 60. Rf8+ Ke4 61. Rxc8 Rxa2 62. Re8+ Kd4 63. Re6 e2 64. Re8 Kd3 65. Kf2 Kc2 66. b4 Kb3 67. Re4 Rc2 68. Re6 Kxb4 69. Rxa6 Kb3 70. Ke1 b4 71. Rb6 Ka3 72. Ra6+ Kb2 73. Rb6 b3 74. Ra6 Kb1 75. Rb6 b2 0-1

[Event "Abe Yanofsky mem."]
[Site "Winnipeg CAN"]
[Date "2025.08.30"]
[Round "2.7"]
[White "Klokow, John"]
[Black "Bertrand, Nathanael"]
[Result "0-1"]
[WhiteElo "1820"]
[BlackElo "1925"]
[WhiteFideId "-1"]
[WhiteFideId "-1"]
[PlyCount "50"]
[GameId "2226107611586588"]
[EventDate "2025.08.30"]
[EventType "swiss"]
[EventRounds "5"]
[EventCountry "CAN"]

1. e4 Nc6 2. Nf3 f5 3. Nc3 fxe4 4. Nxe4 d5 5. Ng3 e5 6. d4 e4 7. Ne5 Bd6 8. Bb5 Bd7 9. Nxd7 Qxd7 10. O-O Nf6 11. c3 O-O-O 12. Nh5 Rdf8 13. Be2 Ne7 14. Bg5 Ng6 15. f3 Nxh5 16. fxe4 Rxf1+ 17. Kxf1 Qf7+ 18. Kg1 Nhf4 19. Bg4+ Kb8 20. e5 Be7 21. Bxf4 Qxf4 22. Qe2 Rf8 23. g3 Qg5 24. a4 h5 25. Bxh5 Nf4 0-1

[Event "Abe Yanofsky mem."]
[Site "Winnipeg CAN"]
[Date "2025.08.30"]
[Round "2.8"]
[White "Zhou, Joe"]
[Black "Atem, James"]
[Result "1-0"]
[WhiteElo "1927"]
[BlackElo "1815"]
[WhiteFideId "-1"]
[WhiteFideId "-1"]
[PlyCount "84"]
[GameId "2226107611586589"]
[EventDate "2025.08.30"]
[EventType "swiss"]
[EventRounds "5"]
[EventCountry "CAN"]

1. Nf3 d5 2. e3 a6 3. c4 Nc6 4. d4 e6 5. Nc3 Bb4 6. Qb3 Nf6 7. Bd3 O-O 8. O-O Bxc3 9. Qxc3 dxc4 10. Bxc4 Ne4 11. Qc2 f5 12. Bd2 Qd6 13. Rac1 Ne7 14. a3 Nxd2 15. Qxd2 b5 16. Ba2 Bb7 17. Ne5 Bd5 18. Bxd5 exd5 19. Rc5 c6 20. Rfc1 Rfc8 21. Qc2 g6 22. Nxc6 Nxc6 23. Rxc6 Rxc6 24. Qxc6 Rd8 25. g3 Kf7 26. Kf1 Rd7 27. Qxd6 Rxd6 28. Rc7+ Kg8 29. Ke2 g5 30. f3 Rh6 31. Kd3 Rxh2 32. e4 fxe4+ 33. fxe4 dxe4+ 34. Kxe4 Rxb2 35. d5 Rb3 36. d6 Rb1 37. d7 Re1+ 38. Kf5 Rf1+ 39. Kxg5 Rd1 40. Rc8+ Kf7 41. d8=Q Rxd8 42. Rxd8 Ke6 1-0

[Event "Abe Yanofsky mem."]
[Site "Winnipeg CAN"]
[Date "2025.08.30"]
[Round "2.9"]
[White "Bonness, Will"]
[Black "Hui, Zelus"]
[Result "1/2-1/2"]
[WhiteElo "1910"]
[BlackElo "1753"]
[WhiteFideId "-1"]
[WhiteFideId "-1"]
[PlyCount "52"]
[GameId "2226107611590686"]
[EventDate "2025.08.30"]
[EventType "swiss"]
[EventRounds "5"]
[EventCountry "CAN"]

1. e4 e6 2. d4 d5 3. exd5 exd5 4. Nf3 Nf6 5. Bd3 Bd6 6. Qe2+ Be6 7. Ng5 Qe7 8. Nxe6 Qxe6 9. Qxe6+ fxe6 10. O-O O-O 11. f3 Nbd7 12. Be3 e5 13. Nd2 c6 14. c3 a5 15. Bf2 Rae8 16. Rae1 Nh5 17. dxe5 Nxe5 18. Bc2 b5 19. Nb3 Nc4 20. Nd4 Rc8 21. b3 Nd2 22. Re6 Bxh2+ 23. Kxh2 Nxf1+ 24. Kg1 Nfg3 25. Kh2 Nf1+ 26. Kg1 Nfg3 1/2-1/2